00702 a2200169 4500040001300000082001200013100002200025245003800047260004700085300002100132500001900153650003400172942002500206999001500231952014300246952014300389 aDLCbDLC a823.912 aChristie, Agatha. aThe Pale Horse.cChristie, Agatha aLondon:bHarper Collins Publishers,c2002. a332 p. ;b19 cm. aIncludes Index aDetective and mystery stories cBKk823.912 CHR2ddc c5000d5000 001040708FICaCLbCLcGENd2004-12-16eAllied Book Companyg175.50l1o823.912 CHRpSEECS005175r2026-04-06s2026-03-13w2017-01-05yBK 001040708FICaCLbCLcGENd2004-12-16eAllied Book Companyg175.50l2o823.912 CHRpSEECS005176r2025-03-14s2025-03-07w2017-01-05yBK